Andrew A. Bonar D.D : Diary and letters (Record no. 30966)
[ view plain ]
| 000 -LEADER | |
|---|---|
| fixed length control field | 00430nam a22001331a 4500 |
| 020 ## - INTERNATIONAL STANDARD BOOK NUMBER | |
| Terms of availability | 0.00 |
| 040 ## - CATALOGING SOURCE | |
| Original cataloging agency | NEGST Library - Kenya |
| 082 ## - DEWEY DECIMAL CLASSIFICATION NUMBER | |
| Classification number | BX 9225 .B57A3 1898 |
| 100 ## - MAIN ENTRY--PERSONAL NAME | |
| Personal name | Bonar, Andrew A. |
| Fuller form of name | (Andrew Alexander), |
| Dates associated with a name | 1810-1892 |
| 245 ## - TITLE STATEMENT | |
| Title | Andrew A. Bonar D.D : Diary and letters |
| Statement of responsibility, etc | Marjory Bonar |
| Medium | [Text] |
| 260 ## - PUBLICATION, DISTRIBUTION, ETC. (IMPRINT) | |
| Place of publication, distribution, etc | London |
| Name of publisher, distributor, etc | Hodder and Stoughton |
| Date of publication, distribution, etc | 1898 |
| 300 ## - PHYSICAL DESCRIPTION | |
| Extent | xv,400p |
| 852 ## - LOCATION/CALL NUMBER | |
| -- | 20.00 |
| Withdrawn status | Lost status | Source of classification or shelving scheme | Damaged status | Not for loan | Collection code | Home library | Current library | Shelving location | Date acquired | Cost, normal purchase price | Total Checkouts | Full call number | Barcode | Date last seen | Date checked out | Copy number | Price effective from | Koha item type |
|---|---|---|---|---|---|---|---|---|---|---|---|---|---|---|---|---|---|---|
| Library of Congress Classification | General Circulation | AIU/NEGST - Tony Wilmot Memorial Library | AIU/NEGST - Tony Wilmot Memorial Library | General Stacks | 09/09/2009 | 20.00 | 1 | BX 9225 .B57A3 1898 | R24262P3232 | 09/02/2019 | 04/26/2018 | 1 | 09/09/2009 | Books |
